Persona and Shame: the screenplays of Ingmar Bergman

Αποθηκεύτηκε σε:
Λεπτομέρειες βιβλιογραφικής εγγραφής
Κύριος συγγραφέας: Bergman, Ingmar, 1918-2007
Άλλοι συγγραφείς: Bradfield, Keith (Μεταφραστής)
Μορφή: Βιβλίο
Γλώσσα:English
Swedish
Δημοσίευση: London : Calder and Boyars, 1972.
Θέματα:
Ετικέτες: Προσθήκη ετικέτας
Δεν υπάρχουν, Καταχωρήστε ετικέτα πρώτοι!

MARC

LEADER 00000cam a2200000 a 4500
001 1/116784
008 180608s1972####enk| ||| |||| ||eng||
040 |a GR-MyUa  |b gre  |c GR-MyUa  |e AACR2 
041 1 |a eng  |h swe 
082 7 |a 791.437   |2 (23) 
100 1 |a Bergman, Ingmar,   |d 1918-2007. 
245 1 0 |a Persona and Shame:   |b the screenplays of Ingmar Bergman /   |c translated [from the Swedish] by Keith Bradfield.  
260 |a London :   |b Calder and Boyars,   |c 1972.  
300 |a 192 σ. ;   |c 21 εκ.  
630 0 0 |a Persona (Motion picture) 
630 0 0 |a Skammen (Motion picture) 
650 0 |a Motion picture plays 
700 1 |a Bradfield, Keith,  |e trl 
852 |a INST  |b LESVOS  |e 20180608  |h 791.437 BER  |p 005100060428  |q 005100060428  |t BK  |y 0 
970 |a Τζαφέρη  |b Ευαγγελία  |z 08-06-2018